| 000 | 00590nam a2200181 i 4500 | ||
|---|---|---|---|
| 001 | 130837 | ||
| 003 | ES-MaACL | ||
| 005 | 20231226160805.0 | ||
| 007 | t| | ||
| 008 | 070810s1954 cu ||||1| spa d | ||
| 100 | 1 |
_aZéndegui, Guillermo de. _9118175 |
|
| 245 | 1 | 0 |
_aAmbito de Martí / _cGuillermo de Zéndegui. |
| 260 |
_a[La Habana : _bSociedad Colombista Panamericana, _c1954] ( _fP. Fernández) |
||
| 300 |
_a222 p. : _bil. ; _c30 cm. |
||
| 600 | 1 | 4 |
_aMartí, José, _d1853-1895- _xCrítica e interpretación _977188 |
| 852 |
_aES-MaACL _jC-10746 _bR.36092 |
||
| 999 |
_c130837 _d130837 |
||